[Event "GRE-chT 46th"]
[Site "Rio Achaia"]
[Date "2018.07.15"]
[Round "7.9"]
[White "Golegos, Antonis"]
[Black "Vlachos, Georgios"]
[Result "0-1"]
[WhiteElo "1136"]
[BlackElo "1334"]
[PlyCount "114"]
[EventDate "2018.07.10"]
[EventType "team"]
[EventRounds "7"]
[EventCountry "GRE"]
[SourceTitle "CBM 185 Extra"]
[Source "ChessBase"]
[SourceDate "2018.07.29"]
[SourceVersion "1"]
[SourceVersionDate "2018.07.29"]
[SourceQuality "1"]
[WhiteTeam "Pefkis"]
[BlackTeam "Sea of Corinth Argonaut"]
[WhiteTeamCountry "GRE"]
[BlackTeamCountry "GRE"]

1. e4 e6 2. d4 d5 3. Nc3 Nf6 4. Bg5 dxe4 5. Nxe4 Be7 6. Bxf6 gxf6 7. Nf3 f5 8. Nc3 a6 9. Qd2 b5 10. 0-0-0 Bb7 11. Qe3 Nd7 12. Kb1 b4 13. Ne2 a5 14. Nf4 Bf6 15. Bd3 Nb6 16. Bxf5 Nd5 17. Nxd5 Bxd5 18. Bd3 a4 19. Rhg1 Qd6 20. Qh6 Ke7 21. Qe3 Rhb8 22. Bxh7 b3 23. cxb3 axb3 24. a3 Rb6 25. Kc1 c5 26. Kd2 cxd4 27. Nxd4 Bxd4 28. Qxd4 Be4 29. Qxd6+ Rxd6+ 30. Kc3 Rc8+ 31. Kxb3 Bxh7 32. Rxd6 Kxd6 33. Rd1+ Ke7 34. Rd4 Rc2 35. Rf4 e5 36. Rf3 Re2 37. g3 Bc2+ 38. Ka2 Bd1 39. Re3 Rxf2 40. Rxe5+ Kf6 41. Re1 Bg4 42. Re4 Be6+ 43. Rxe6+ Kxe6 44. h4 Rg2 45. a4 Rxg3 46. b3 Rg4 47. h5 Rh4 48. Ka3 Rxh5 49. Kb4 Kd6 50. a5 Kc6 51. Ka4 f5 52. b4 f4 53. b5+ Rxb5 54. a6 Kb6 55. a7 Ra5+ 56. Kb3 Rxa7 57. Kc3 Rd7 0-1

[Event "GRE-chT 46th"]
[Site "Rio Achaia"]
[Date "2018.07.13"]
[Round "5.9"]
[White "Golegos, Antonis"]
[Black "Fragkos, Vasileios"]
[Result "1-0"]
[WhiteElo "1136"]
[BlackElo "1774"]
[PlyCount "151"]
[EventDate "2018.07.10"]
[EventType "team"]
[EventRounds "7"]
[EventCountry "GRE"]
[SourceTitle "CBM 185 Extra"]
[Source "ChessBase"]
[SourceDate "2018.07.29"]
[SourceVersion "1"]
[SourceVersionDate "2018.07.29"]
[SourceQuality "1"]
[WhiteTeam "Pefkis"]
[BlackTeam "Portrait"]
[WhiteTeamCountry "GRE"]
[BlackTeamCountry "GRE"]

1. e4 e5 2. Nf3 Nc6 3. Bc4 Bc5 4. d3 Nf6 5. Nc3 d6 6. Be3 Bb6 7. Qd2 Be6 8. Bb3 Qd7 9. Ba4 0-0 10. 0-0 Ba5 11. Bg5 Qe7 12. a3 h6 13. Bh4 g5 14. Nxg5 Bxc3 15. bxc3 Nxe4 16. dxe4 hxg5 17. Qxg5+ Qxg5 18. Bxg5 Bc4 19. Rfe1 f6 20. Bd2 Na5 21. Rab1 a6 22. Bb3 b5 23. f3 Kf7 24. Kf2 c5 25. Rh1 Nxb3 26. cxb3 Bd3 27. Rbc1 f5 28. exf5 Bxf5 29. g4 Bg6 30. h4 Ke6 31. Ke2 Rh8 32. h5 Bf7 33. Rcg1 Rag8 34. Rh2 Kd7 35. Rgh1 Bxb3 36. h6 Rh7 37. Rg1 Bf7 38. Rhg2 Bg6 39. g5 Kc6 40. Ra1 Rb8 41. Rf2 Rf8 42. Rg1 d5 43. f4 Rhf7 44. Rg4 Bh5 45. Rfg2 Rg8 46. Kf2 Bxg4 47. Rxg4 Rh7 48. Kg3 exf4+ 49. Bxf4 Rg6 50. Kh4 d4 51. Kh5 Rg8 52. g6 Re7 53. h7 Rh8 54. Kh6 Re1 55. Kg7 Ree8 56. Kh6 Re1 57. Rh4 Re6 58. Rh5 dxc3 59. Be5 c2 60. Bb2 Rd8 61. Rh2 Ree8 62. Rxc2 Rd1 63. Rh2 Rdd8 64. Rf2 Re3 65. Rf6+ Kd5 66. Kg7 Ree8 67. Kh6 Re3 68. Rf5+ Kc4 69. h8Q Rxh8+ 70. Bxh8 Rg3 71. Rg5 Rh3+ 72. Kg7 Rxa3 73. Kf7 Rf3+ 74. Bf6 Rd3 75. g7 Rd7+ 76. Be7 1-0